20 zufällige Charaktere nach Bildern - One Piece - Statistiken

Allgemein
  • Dieses Quiz wurde 1.042 mal gespielt
  • Das Durchschnittsergebnis liegt bei 12 aus 20
Antwortstatistiken
Bildquiz Antwort % Korrekt
Brook
100%
Enel
100%
Gol D. Roger
100%
Monkey D. Ruffy
100%
Vinsmoke Sanji
100%
Nico Robin
98%
Lorenor Zorro
97%
Lysop
97%
Buggy
96%
Portgas D. Ace
96%
Charlotte Linlin
95%
Sabo
95%
Blackbeard
94%
Mihawk Dulacre
94%
Monkey D. Garp
94%
Shanks
94%
Smoker
94%
Kaido
93%
Monkey D. Dragon
93%
Nami
93%
Nefeltari D. Vivi
93%
Trafalgar D. Water Law
93%
Tony Tony Chopper
92%
Whitebeard
92%
Eustass "Captain" Kid
91%
Arlong
90%
Don Quichotte de Flamingo
90%
Jimbei
90%
Sir Crocodile
90%
Marco
89%
Franky
88%
Kizaru
88%
Boa Hancock
85%
Kozuki Oden
85%
Akainu
84%
Ivankov
84%
Rob Lucci
84%
Corby
83%
Bartholomäus Bär
82%
Neptun
81%
Perona
80%
Bepo
79%
Kinemon
78%
Queen
78%
Eisberg
77%
Dr. Vegapunk
76%
Jeff
76%
King
76%
Carrot
75%
Charlotte Katakuri
75%
Killer
74%
Shirahoshi
74%
Silvers Rayleigh
74%
Bellamy
72%
Charlotte Pudding
72%
Pedro
72%
Yamato
72%
Aokiji
71%
Tom
71%
X Drake
71%
Ben Beckman
69%
Charlotte Cracker
69%
Ecki
69%
Kozuki Momonosuke
69%
Rebecca
69%
Charlotte Perospero
68%
Fujitora
66%
Jack
66%
Magellan
66%
Helmeppo
65%
Page One
65%
Jewelry Bonney
64%
Pica
64%
Fisher Tiger
61%
Yasopp
61%
Tashigi
60%
Basil Hawkins
59%
Bon Curry
59%
Krokus
59%
Senghok
58%
Who's Who
58%
Nefeltari D. Kobra
57%
Okta
57%
Black Maria
56%
Gecko Moria
56%
Spandam
56%
Scratchmen Apoo
53%
Kamy
51%
Bellemere
50%
Dadan
50%
Vergo
50%
Leo
49%
Diamante
48%
Don Quichotte Rocinante
48%
Hody Jones
48%
Nekomamushi
48%
Senor Pink
47%
Capone Bege
46%
Kurozomi Kanjuro
44%
Raizo
44%
Shiryu
44%
Van der Decken
44%
Vinsmoke Niji
44%
Viola
44%
Doc Bader
43%
Ulti
43%
Caesar Crown
42%
Inuarashi
42%
Otohime
42%
Sentomaru
42%
Pekoms
41%
Kurozomi Orochi
40%
Vinsmoke Reiju
38%
Koala
37%
Wanda
37%
Kozuki Toki
36%
Kuina
36%
Zephyr
36%
Kurozomi Tama
35%
Makino
35%
Kaya
34%
Oma Cocolo
34%
Lucky Roo
33%
Trebol
31%
Doc Kuleha
30%
Nico Olvia
30%
Nojiko
30%
Pauly
28%
Fukaboshi
27%
Kawamatsu
26%
Kikunojo
26%
Herakles
24%
Ashura Doji
23%
Vinsmoke Yonji
23%
Momonga
21%
Hyogoro
20%
Izou
20%
Denjiro
19%
Kozuki Hiyori
19%
Vinsmoke Jajji
17%
Moncherry
16%
Vinsmoke Ichiji
16%
Sicilian
14%
Shimotsuki Yasuie
9%
Manboshi
6%
Ryuuboshi
6%
Toko
3%
Kozuki Sukiyaki
0%
Keine übereinstimmenden Quizze gefunden
Verteilung der Resultate
Anzahl Personen mit jedem Resultat
Perzentil nach korrekt beantworteten Fragen
Ihre Resultats-Entwicklung
Sie haben dieses Quiz noch nicht gespielt